00840nam a2200229 a 450000100060000000300080000600500170001400800410003103500190007204000350009104100080012608200220013410000320015624502130018825000120040126000400041330000260045350000730047950400190055265000190057170000200059050942BD-RjUL20211209075604.0160829s1966 nyu 000 0 eng  a(BD-RjUL)51062 aBD-RjULcMBNUdOCoLCdDLCbeng aeng 223a515bLAF 19661 aLandau, Edmund,d1877-1938.10aFoundations of analysis :bthe arithmetic of whole, rational, irrational, and complex numbers a supplement to textbooks on the differential and integral calculus /cEdmund Landau; Translated by F. Steinhardt. a3rd ed. aNew York :bChelsea Pub. Co.,c1966 axiv, 136 p. ;c24 cm. aA supplement to textbooks on the differential and integral calculus. aIncludes Index 0aNumber theory. aSteinhardt. F.